[Event "Sherbrooke op-B"]
[Site "Sherbrooke"]
[Date "2008.05.24"]
[Round "3"]
[White "Courteau, Bernard"]
[Black "Maheux, Pierre"]
[Result "0-1"]
[WhiteElo "1515"]
[BlackElo "1678"]
[PlyCount "48"]
[EventDate "2008.05.23"]
[EventType "swiss"]
[EventRounds "5"]
[EventCountry "CAN"]
[SourceTitle "EXT 2011"]
[Source "ChessBase"]
[SourceDate "2010.11.26"]
[SourceVersion "1"]
[SourceVersionDate "2010.11.26"]
[SourceQuality "1"]

1. d4 c5 2. d5 e5 3. e4 d6 4. Nc3 a6 5. a4 f5 6. f4 Nf6 7. fxe5 dxe5 8. Bg5 Be7 9. Bxf6 Bxf6 10. Bd3 f4 11. Nf3 Bh4+ 12. Kf1 0-0 13. Nxe5 f3 14. Nxf3 Qb6 15. Qd2 c4 16. Bxc4 Bh3 17. Nd1 Rxf3+ 18. Ke2 Bxg2 19. d6+ Kh8 20. Qd5 Nc6 21. c3 Bxh1 22. Qh5 g5 23. d7 Raf8 24. Bf7 Ne5 0-1

[Event "Sherbrooke op-B"]
[Site "Sherbrooke"]
[Date "2008.05.24"]
[Round "2"]
[White "Duclos, Alain"]
[Black "Courteau, Bernard"]
[Result "1/2-1/2"]
[WhiteElo "1778"]
[BlackElo "1515"]
[PlyCount "91"]
[EventDate "2008.05.23"]
[EventType "swiss"]
[EventRounds "5"]
[EventCountry "CAN"]
[SourceTitle "EXT 2011"]
[Source "ChessBase"]
[SourceDate "2010.11.26"]
[SourceVersion "1"]
[SourceVersionDate "2010.11.26"]
[SourceQuality "1"]

1. e4 e6 2. d4 d5 3. Nc3 Nf6 4. Bg5 Be7 5. e5 Nfd7 6. Bxe7 Qxe7 7. f4 a6 8. Nf3 c5 9. dxc5 Qxc5 10. Qd2 Nc6 11. 0-0-0 b5 12. Ne2 Bb7 13. Ned4 Rc8 14. Nxc6 Bxc6 15. Kb1 0-0 16. Nd4 Qb6 17. Bd3 Kh8 18. Qe3 Nc5 19. g4 Bd7 20. f5 Nxd3 21. Rxd3 b4 22. f6 Rg8 23. fxg7+ Rxg7 24. Qh6 Qc7 25. Qf6 a5 26. Rc1 Qd8 27. Qf4 Qg5 28. Ne2 Bb5 29. Re3 Bxe2 30. Qxg5 Rxg5 31. Rxe2 Rxg4 32. Rf2 Rc7 33. Re1 Kg7 34. b3 h5 35. Re3 Rc3 36. Re1 Re4 37. Rg1+ Kf8 38. Rg5 Rh3 39. Rfg2 Reh4 40. Rg8+ Ke7 41. Ra8 Rg4 42. Rf2 Re3 43. Ra7+ Ke8 44. Rfxf7 Rg1+ 45. Kb2 Ree1 46. Rae7+ 1/2-1/2

[Event "Sherbrooke op B"]
[Site "Sherbrooke"]
[Date "2007.05.27"]
[Round "4"]
[White "Duplessis, Jean Roch"]
[Black "Courteau, Bernard"]
[Result "1-0"]
[WhiteElo "1736"]
[BlackElo "1601"]
[PlyCount "41"]
[EventDate "2007.05.25"]
[EventType "swiss"]
[EventRounds "5"]
[EventCountry "CAN"]
[SourceTitle "EXT 2022"]
[Source "ChessBase"]
[SourceDate "2021.10.06"]
[SourceVersion "1"]
[SourceVersionDate "2021.10.06"]
[SourceQuality "1"]

1. e4 e6 2. c4 c5 3. Nf3 Nc6 4. Be2 d5 5. exd5 exd5 6. cxd5 Qxd5 7. Nc3 Qd8 8. 0-0 Nf6 9. Bb5 Bd7 10. d4 a6 11. Qe2+ Qe7 12. Bxc6 Bxc6 13. Qxe7+ Bxe7 14. dxc5 Bxc5 15. Ne5 Bd7 16. Nxd7 Kxd7 17. Bg5 Rae8 18. Rfd1+ Ke6 19. Rac1 Re7 20. Bxf6 Kxf6 21. Nd5+ 1-0

[Event "Sherbrooke-opB"]
[Site "Sherbrooke"]
[Date "2005.05.28"]
[Round "3"]
[White "Courteau, Bernard"]
[Black "Ouellet Lahaie, Didier"]
[Result "0-1"]
[WhiteElo "1667"]
[BlackElo "1625"]
[PlyCount "52"]
[EventDate "2005.05.27"]
[EventType "swiss"]
[EventRounds "5"]
[EventCountry "CAN"]
[SourceTitle "CBM 106 Extra"]
[Source "ChessBase"]
[SourceDate "2005.07.01"]
[SourceVersion "1"]
[SourceVersionDate "2005.07.01"]
[SourceQuality "1"]

1. e4 e5 2. Nf3 Nc6 3. Bb5 Nf6 4. d3 d6 5. Nbd2 a6 6. Ba4 b5 7. Bb3 Be7 8. c3 0-0 9. Nf1 d5 10. exd5 Nxd5 11. Ne3 Nf4 12. d4 exd4 13. Nxd4 Nxd4 14. Qxd4 Qxd4 15. cxd4 Bb7 16. f3 Bf6 17. Nf5 Nxg2+ 18. Kf2 Nh4 19. Nxh4 Bxh4+ 20. Kg2 Rad8 21. Rd1 c5 22. Be3 Rfe8 23. Kh3 Bf6 24. Re1 cxd4 25. Bf2 Bxf3 26. Kg3 Be2 0-1

[Event "Sherbrooke CC-ch"]
[Site "Sherbrooke"]
[Date "2005.04.29"]
[Round "3"]
[White "Courteau, Bernard"]
[Black "Ouellet Lahaie, Didier"]
[Result "1-0"]
[WhiteElo "1683"]
[BlackElo "1659"]
[PlyCount "63"]
[EventDate "2005.04.15"]
[EventType "swiss"]
[EventRounds "5"]
[EventCountry "CAN"]
[SourceTitle "EXT 2006"]
[Source "ChessBase"]
[SourceDate "2005.11.24"]
[SourceVersion "1"]
[SourceVersionDate "2005.11.24"]
[SourceQuality "1"]

1. e4 e5 2. Nf3 Nf6 3. Nxe5 d6 4. Nf3 Nxe4 5. d4 d5 6. Bd3 Bd6 7. 0-0 0-0 8. c4 c6 9. Re1 Re8 10. Nbd2 Nf6 11. Nf1 Rxe1 12. Qxe1 h6 13. h3 Be6 14. c5 Bc7 15. Bd2 b6 16. b4 a5 17. a3 axb4 18. axb4 Rxa1 19. Qxa1 b5 20. Qe1 Qc8 21. Ng3 Nbd7 22. Nh4 Bxg3 23. fxg3 Nf8 24. g4 Qa6 25. Nf5 Bxf5 26. gxf5 Qa2 27. Bf4 Qa3 28. Qd2 Ne4 29. Bxe4 dxe4 30. d5 cxd5 31. c6 g5 32. Be3 1-0

[Event "Sherbrooke Perpetuelles 13-26c"]
[Site "Sherbrooke"]
[Date "2005.04.22"]
[Round "2"]
[White "Lemelin, Marc"]
[Black "Courteau, Bernard"]
[Result "1-0"]
[WhiteElo "1637"]
[BlackElo "1683"]
[PlyCount "33"]
[EventDate "2005.04.??"]
[EventType "swiss"]
[EventRounds "5"]
[EventCountry "CAN"]
[SourceTitle "EXT 2006"]
[Source "ChessBase"]
[SourceDate "2005.11.24"]
[SourceVersion "1"]
[SourceVersionDate "2005.11.24"]
[SourceQuality "1"]

1. d4 c6 2. c4 d5 3. Nf3 Bf5 4. cxd5 cxd5 5. Qb3 Qc7 6. Nc3 e6 7. Bf4 Qxf4 8. Qxb7 Ne7 9. e3 Qd6 10. Bb5+ Nec6 11. Ne5 Qe7 12. Bxc6+ Nxc6 13. Qxc6+ Kd8 14. Qxa8+ Kc7 15. Nb5+ Kb6 16. Qc6+ Ka5 17. a3 1-0

[Event "Sherbrooke op-B"]
[Site "Sherbrooke"]
[Date "2004.05.30"]
[Round "5"]
[White "Kraiouchkine, Nikita"]
[Black "Courteau, Bernard"]
[Result "1-0"]
[WhiteElo "1574"]
[BlackElo "1601"]
[PlyCount "71"]
[EventDate "2004.05.??"]
[EventType "swiss"]
[EventRounds "5"]
[EventCountry "CAN"]
[SourceTitle "EXT 2005"]
[Source "ChessBase"]
[SourceDate "2004.11.15"]
[SourceVersion "1"]
[SourceVersionDate "2004.11.15"]
[SourceQuality "1"]

1. e4 c5 2. Nf3 Nc6 3. d4 cxd4 4. Nxd4 Nf6 5. Nc3 d6 6. Bg5 e5 7. Nb3 Be7 8. Bc4 0-0 9. Qd2 a6 10. a4 Be6 11. Bxe6 fxe6 12. 0-0-0 Kh8 13. f4 Ng4 14. Bxe7 Qxe7 15. h3 Nh6 16. Qxd6 Qf6 17. fxe5 Qf4+ 18. Qd2 Qxe5 19. Rhf1 Rfd8 20. Qe2 Qg5+ 21. Kb1 Rdc8 22. Rd7 b5 23. axb5 axb5 24. Nxb5 Rcb8 25. Nc7 Rxb3 26. cxb3 Rb8 27. Nxe6 Qa5 28. Rd5 Qa7 29. Rb5 Ra8 30. Qc4 Rc8 31. Qc5 Qd7 32. Rf8+ Rxf8 33. Nxf8 Qd3+ 34. Ka2 Qxe4 35. g4 Nd4 36. Rb4 1-0

[Event "Sherbrooke Perpetuelles 41-45"]
[Site "Sherbrooke"]
[Date "2004.05.07"]
[Round "5"]
[White "Benoit, Andre"]
[Black "Courteau, Bernard"]
[Result "0-1"]
[WhiteElo "1474"]
[BlackElo "1601"]
[PlyCount "63"]
[EventDate "2004.04.??"]
[EventType "swiss"]
[EventRounds "5"]
[EventCountry "CAN"]
[SourceTitle "EXT 2005"]
[Source "ChessBase"]
[SourceDate "2004.11.15"]
[SourceVersion "1"]
[SourceVersionDate "2004.11.15"]
[SourceQuality "1"]

1. e4 e5 2. Bc4 Nf6 3. d3 d5 4. exd5 Nxd5 5. Qf3 c6 6. Nc3 Bb4 7. Bd2 Nf6 8. h3 0-0 9. Nge2 Qe7 10. a3 Ba5 11. b4 Bc7 12. Ne4 Be6 13. N2g3 Bxc4 14. dxc4 Nbd7 15. Bg5 Qe6 16. Nf5 Nxe4 17. Qxe4 Nf6 18. Bxf6 Qxf6 19. 0-0 Rfd8 20. Rad1 g6 21. Nh6+ Kg7 22. Ng4 Qe6 23. Qe3 f5 24. Qh6+ Kg8 25. Ne3 e4 26. Rde1 Qe5 27. f4 exf3 28. Ng4 Qd4+ 29. Ne3 Bf4 30. Qh4 Bxe3+ 31. Qf2 Bxf2+ 32. Rxf2 0-1

[Event "Sherbrooke Perpetuelles 36-40"]
[Site "Sherbrooke"]
[Date "2004.03.05"]
[Round "2"]
[White "Courteau, Bernard"]
[Black "Saziouk, Alexandre"]
[Result "1/2-1/2"]
[WhiteElo "1619"]
[BlackElo "1790"]
[PlyCount "89"]
[EventDate "2004.02.??"]
[EventType "swiss"]
[EventRounds "5"]
[EventCountry "CAN"]
[SourceTitle "EXT 2005"]
[Source "ChessBase"]
[SourceDate "2004.11.15"]
[SourceVersion "1"]
[SourceVersionDate "2004.11.15"]
[SourceQuality "1"]

1. e4 c5 2. Nf3 Nf6 3. e5 Nd5 4. c4 Nb6 5. d4 cxd4 6. Nxd4 Nc6 7. Nxc6 dxc6 8. Qxd8+ Kxd8 9. Bd2 Bf5 10. Be2 e6 11. 0-0 Bc5 12. Rd1 Ke7 13. Nc3 a5 14. b3 Rhd8 15. Bg5+ f6 16. exf6+ gxf6 17. Rxd8 Rxd8 18. Bc1 Nd7 19. a4 Ne5 20. Ba3 Bxa3 21. Rxa3 Rd2 22. Ra2 Rd4 23. Kf1 Bd3 24. Rd2 Bxe2+ 25. Kxe2 Rxd2+ 26. Kxd2 f5 27. h3 Kd6 28. Ne2 Ng6 29. g3 e5 30. f4 h5 31. Ke3 h4 32. g4 fxg4 33. hxg4 h3 34. f5 Nh4 35. Ng3 Ke7 36. g5 Kf7 37. Ke4 h2 38. Kxe5 Nf3+ 39. Kf4 Nd2 40. g6+ Kg7 41. Nh5+ Kg8 42. Ng3 Kg7 43. Ke5 Nxb3 44. Nh5+ Kg8 45. Ng3 1/2-1/2

[Event "Sherbrooke Perpetuelles 31-35"]
[Site "Sherbrooke"]
[Date "2004.01.30"]
[Round "2"]
[White "Courteau, Bernard"]
[Black "Belanger, Jean Sebastien"]
[Result "1-0"]
[WhiteElo "1638"]
[BlackElo "1437"]
[PlyCount "39"]
[EventDate "2004.01.??"]
[EventType "swiss"]
[EventRounds "5"]
[EventCountry "CAN"]
[SourceTitle "EXT 2005"]
[Source "ChessBase"]
[SourceDate "2004.11.15"]
[SourceVersion "1"]
[SourceVersionDate "2004.11.15"]
[SourceQuality "1"]

1. d4 Nf6 2. c4 e6 3. Nc3 b6 4. e4 Bb4 5. f3 Nxe4 6. fxe4 Qh4+ 7. Ke2 Bxc3 8. bxc3 Qxe4+ 9. Kf2 Bb7 10. Nf3 Nc6 11. Bd3 Qg4 12. h3 Qh5 13. Re1 f6 14. Qc2 g5 15. d5 Nd8 16. Bf5 Kf7 17. Qe2 exf5 18. Ne5+ fxe5 19. Qxh5+ Kf8 20. Rxe5 1-0

[Event "Sherbrooke Perpetuelles 05-12"]
[Site "Sherbrooke"]
[Date "2003.12.19"]
[Round "3"]
[White "Duclos, Alain"]
[Black "Courteau, Bernard"]
[Result "1-0"]
[WhiteElo "1615"]
[BlackElo "1638"]
[PlyCount "97"]
[EventDate "2003.12.05"]
[EventType "swiss"]
[EventRounds "5"]
[EventCountry "CAN"]
[SourceTitle "EXT 2008"]
[Source "ChessBase"]
[SourceDate "2007.11.25"]
[SourceVersion "1"]
[SourceVersionDate "2007.11.25"]
[SourceQuality "1"]

1. e4 e6 2. d4 d5 3. Nc3 Nf6 4. Bg5 Be7 5. e5 Nfd7 6. Bxe7 Qxe7 7. f4 a6 8. Nf3 c5 9. Qd2 Nc6 10. dxc5 Nxc5 11. 0-0-0 0-0 12. Bd3 Bd7 13. Kb1 Rfc8 14. Rhf1 b5 15. Ne2 b4 16. Nfd4 Rab8 17. Rf3 a5 18. Nxc6 Bxc6 19. Nd4 a4 20. f5 Qc7 21. Nxc6 Qxc6 22. f6 Nxd3 23. Rxd3 a3 24. b3 Qc7 25. Qe2 Rb5 26. Rc1 d4 27. Rg3 Rxe5 28. Rxg7+ Kh8 29. Qd3 Rh5 30. Qxd4 Qe5 31. Qxe5 Rxe5 32. Rxf7 Re2 33. Re7 h5 34. Rb7 Re4 35. Rb5 h4 36. Rb7 Rf4 37. g3 hxg3 38. hxg3 Rxf6 39. Rxb4 Ra8 40. Rg4 Rh6 41. Re1 Ra5 42. b4 Rah5 43. c4 Rh2 44. b5 Rb2+ 45. Ka1 Rbh2 46. Rb1 Rc2 47. Rh4 Kh7 48. b6 Rxh4 49. gxh4 1-0

[Event "Sherbrooke Perpetuelles 31-10"]
[Site "Sherbrooke"]
[Date "2003.11.07"]
[Round "2"]
[White "Lopez, Jose"]
[Black "Courteau, Bernard"]
[Result "1-0"]
[WhiteElo "1664"]
[BlackElo "1727"]
[PlyCount "47"]
[EventDate "2003.10.31"]
[EventType "swiss"]
[EventRounds "5"]
[EventCountry "CAN"]
[SourceTitle "EXT 2008"]
[Source "ChessBase"]
[SourceDate "2007.11.25"]
[SourceVersion "1"]
[SourceVersionDate "2007.11.25"]
[SourceQuality "1"]

1. e4 c5 2. Nf3 d6 3. d4 cxd4 4. Nxd4 Nf6 5. Nc3 a6 6. Bg5 e6 7. f4 Be7 8. Qf3 Ra7 9. Bc4 b5 10. Bb3 0-0 11. 0-0-0 Qb6 12. f5 Nd5 13. Bxe7 Nxe7 14. fxe6 fxe6 15. Qg3 Rf6 16. Nxe6 Bxe6 17. Rxd6 Qc7 18. Rxe6 Rxe6 19. Bxe6+ Kh8 20. Qf2 Ng6 21. Rf1 Qe7 22. Nd5 Qg5+ 23. Kb1 Nc6 24. Qf8+ 1-0

[Event "Sherbrooke Perpetuelles 11-15"]
[Site "Sherbrooke"]
[Date "2003.09.05"]
[Round "3"]
[White "Lopez, Jose"]
[Black "Courteau, Bernard"]
[Result "0-1"]
[WhiteElo "1677"]
[BlackElo "1715"]
[PlyCount "106"]
[EventDate "2003.08.??"]
[EventType "swiss"]
[EventRounds "5"]
[EventCountry "CAN"]
[SourceTitle "EXT 2006"]
[Source "ChessBase"]
[SourceDate "2005.11.24"]
[SourceVersion "1"]
[SourceVersionDate "2005.11.24"]
[SourceQuality "1"]

1. e4 c5 2. Nf3 Nc6 3. d4 cxd4 4. Nxd4 Nf6 5. Nc3 d6 6. Be3 g6 7. f3 Bg7 8. Qd2 0-0 9. Nxc6 bxc6 10. Bh6 Be6 11. h4 Qb6 12. Bxg7 Kxg7 13. h5 Rh8 14. 0-0-0 Qa5 15. Kb1 h6 16. hxg6 fxg6 17. b3 Raf8 18. Qe3 Qb6 19. Qc1 Qc5 20. Na4 Qe5 21. Nb2 Nd7 22. Bc4 Nb6 23. f4 Qf6 24. e5 dxe5 25. fxe5 Qf5 26. Rdf1 Qg4 27. Rxf8 Kxf8 28. Rxh6 Rxh6 29. Qxh6+ Kg8 30. Bxe6+ Qxe6 31. Nd3 Nd5 32. Kb2 Qg4 33. Qd2 Qd4+ 34. c3 Qe4 35. g3 Kg7 36. c4 Qd4+ 37. Ka3 Nc3 38. Qc2 Ne4 39. g4 Nc5 40. Nxc5 Qxc5+ 41. Kb2 Qxe5+ 42. Qc3 Kf6 43. Kc2 Qxc3+ 44. Kxc3 Ke5 45. Kd3 Kf4 46. Kd4 Kxg4 47. b4 Kf4 48. Kc5 g5 49. Kxc6 g4 50. Kb7 g3 51. c5 g2 52. c6 g1Q 53. c7 Qb6+ 0-1

[Event "Sherbrooke CC-ch"]
[Site "Sherbrooke"]
[Date "2003.??.??"]
[Round "3"]
[White "Pilotte, Benoit"]
[Black "Courteau, Bernard"]
[Result "1-0"]
[WhiteElo "1700"]
[BlackElo "1695"]
[PlyCount "65"]
[EventDate "2003.??.??"]
[EventType "swiss"]
[EventRounds "4"]
[EventCountry "CAN"]
[SourceTitle "EXT 2006"]
[Source "ChessBase"]
[SourceDate "2005.11.24"]
[SourceVersion "1"]
[SourceVersionDate "2005.11.24"]
[SourceQuality "1"]

1. f4 e5 2. fxe5 d6 3. exd6 Bxd6 4. Nf3 Nf6 5. d3 Ng4 6. Bg5 f6 7. Bc1 Qe7 8. e4 0-0 9. Nc3 c6 10. Qe2 Nd7 11. g3 Nde5 12. Bf4 Nxf3+ 13. Qxf3 Ne5 14. Bxe5 fxe5 15. Qh5 Be6 16. 0-0-0 Bf7 17. Qg4 Bc5 18. Re1 Bd4 19. Nd1 Bxa2 20. Bh3 Qc5 21. Rhf1 Rxf1 22. Rxf1 Bb3 23. Qe2 Rf8 24. Rxf8+ Kxf8 25. Kb1 Ba4 26. Be6 Qe7 27. Ba2 a5 28. Qg4 Bb5 29. Qc8+ Qe8 30. Qxb7 c5 31. Qd5 Qh5 32. Qd8+ Be8 33. Qd6# 1-0